000 00398nam a2200157Ia 4500
003 Ost
005 20260225132559.0
008 260225s9999||||xx |||||||||||||| ||und||
040 _cfsic
041 _afre
082 _a302.23
100 _aAlliouche Kerboua Naima
_eAuteur
245 0 _aL'arbitrage Commercial International En Algerie /
245 0 _cAlliouche Kerboua Naima
942 _cكتاب
999 _c34644
_d34644